| 000 | 00548nam a22001937a 4500 | ||
|---|---|---|---|
| 003 | PILC | ||
| 005 | 20151014110804.0 | ||
| 008 | 130208t xxu||||| |||| 00| 0 eng d | ||
| 020 | _a9715843743 | ||
| 050 |
_aPL 6054 _b.M313 2005 |
||
| 082 |
_aFIL 808.0427 _bM31 2005 |
||
| 245 |
_aKomunikasyon sa akademikong Filipino _b(batayang aklat sa Filipino 1) _cJosefina C. Mangahis. |
||
| 260 |
_aManila : _bC & E Publishing, _c2005. |
||
| 300 |
_a277 pages : _c23 cm. |
||
| 526 | _c1210L-1700L | ||
| 562 | _e1 | ||
| 942 |
_2lcc _cBK _kFIL |
||
| 999 |
_c18056 _d18056 |
||